Dead By Daylight Killers - Statistics

General Stats
  • This quiz has been taken 197 times
    11 since last reset
  • The average score is 39 of 42
Answer Stats
Hint Answer % Correct
Bubba Sawyer "Leatherface" Cannibal
100%
Jeffrey Hawk Clown
100%
Demogorgon Demogorgon
100%
Herman Carter Doctor
100%
The Dredge Dredge
100%
Pyramid Head Executioner
100%
Ken Kaneki Ghoul
100%
Lisa Sherwood Hag
100%
Max Thompson Jr. Hillbilly
100%
Frank, Julie, Susie, Joey Legion
100%
Vecna Lich
100%
Nemesis T-Type Nemesis
100%
Freddy Krueger Nightmare
100%
Sally Smithson Nurse
100%
Amanda Young Pig
100%
Adiris Plague
100%
Michael Myers Shape
100%
HUX-A7-13 Singularity
100%
Rin Yamaoka Spirit
100%
Evan MacMillan Trapper
100%
Unknown Unknown
100%
Philip Ojomo Wraith
100%
Xenomorph Xenomorph
100%
William Afton Animatronic
83%
Carmina Mora Artist
83%
Talbot Grimes Blight
83%
Elliott Spencer "Pinhead" Cenobite
83%
Caleb Quinn Deathslinger
83%
Henry Creel First
83%
Danny Johnson Ghostface
83%
Chucky Good Guy
83%
Portia Maye Houndmaster
83%
Anna Huntress
83%
Tarhos Kovács Knight
83%
Burong Sukapat Krasue
83%
Albert Wesker Mastermind
83%
Kazan Yamaoka Oni
83%
Sadako Yamamura Onryo
83%
Adriana Imai Skull Merchant
83%
Ji-Woon Hak Trickster
83%
Charlotte Deshayes, Victor Deshayes Twins
83%
Vlad "Dracula" Tepes Dark Lord
67%
No matching quizzes found
Score Distribution
Percent of People with Each Score
Percentile by Number Answered
Your Score History
You have not taken this quiz since the last reset